|
|
|
|
| LEADER |
01509nam a22003617i 4500 |
| 001 |
33234 |
| 003 |
BD-DhAAL |
| 005 |
20180707093933.0 |
| 008 |
180707t2016 dcua b 001 0 eng d |
| 999 |
|
|
|c 39536
|d 39536
|
| 010 |
|
|
|a 2016941252
|
| 020 |
|
|
|a 9781610917506
|
| 020 |
|
|
|a 1610917502
|
| 020 |
|
|
|z 9781610917513
|
| 020 |
|
|
|z 1610917510
|
| 035 |
|
|
|a (OCoLC)ocn961877280
|
| 040 |
|
|
|a TOH
|b eng
|c TOH
|e rda
|d YDXCP
|d BTCTA
|d BDX
|d OCLCQ
|d CLE
|d DLC
|d BD-DhAAL
|
| 042 |
|
|
|a lccopycat
|
| 050 |
0 |
0 |
|a SB472
|b .M869 2016
|
| 082 |
0 |
4 |
|a 712
|2 22
|
| 100 |
1 |
|
|a Murphy, Michael D.
|9 26549
|
| 245 |
1 |
0 |
|a Landscape architecture theory :
|b an ecological approach /
|c Michael D. Murphy.
|
| 260 |
|
|
|a Washington, DC :
|b Island Press,
|c c2016
|
| 300 |
|
|
|a xiii, 314 pages :
|b illustrations ;
|c 24 cm
|
| 500 |
|
|
|a "Portions of this book first appeared in 'Landscape architecture theory: an evolving body of thought' by Michael D. Murphy. Long Grove, IL: Waveland Press, 2005."--Title page verso.
|
| 504 |
|
|
|a Includes bibliographical references (pages 289-305) and index.
|
| 526 |
|
|
|a ARC
|
| 541 |
|
|
|a Trim Education
|e 33234
|
| 650 |
|
0 |
|a Landscape architecture.
|9 26550
|
| 650 |
|
0 |
|a Landscape architecture
|x Philosophy.
|9 26551
|
| 852 |
|
|
|a Ayesha Abed Library
|c General Stacks
|
| 942 |
|
|
|2 ddc
|c BK
|
| 952 |
|
|
|0 0
|1 0
|2 ddc
|4 0
|6 712_000000000000000_MUR
|7 0
|9 63558
|a BRACUL
|b BRACUL
|c GEN
|d 2018-07-03
|e Trim Education
|g 3200.00
|l 5
|m 22
|o 712 MUR
|p 3010033234
|r 2026-05-10
|s 2026-04-27
|t 1
|v 3200.00
|w 2018-07-03
|y BK
|x Koha Inventory 2020
|